Metal and Hardrock albums of 1990 - Statistics

General Stats
  • This quiz has been taken 125 times
  • The average score is 26 of 100
Answer Stats
Hint Answer % Correct
1 Rust In Peace Megadeth
100%
4 Seasons In The Abyss Slayer
86%
45 Cowboys From Hell Pantera
83%
24 Painkiller Judas Priest
81%
95 No Prayer For The Dying Iron Maiden
78%
14 Danzig II: Lucifuge Danzig
76%
21 Iced Earth Iced Earth
67%
44 Deicide Deicide
64%
51 Spiritual Healing Death
62%
6 Persistence Of Time Anthrax
60%
58 Tyr Black Sabbath
59%
81 Souls Of Black Testament
59%
99 The Razors Edge AC/DC
57%
46 Lock Up The Wolves Dio
52%
90 Eaten Back To Life Cannibal Corpse
50%
86 Sons Of Kyuss Kyuss
50%
85 Coma Of Souls Kreator
48%
47 Never, Neverland Annihilator
47%
13 Lost Paradise Paradise Lost
45%
68 Tattooed Millionaire Bruce Dickinson
41%
31 Empire Queensrÿche
41%
69 Hammerheart Bathory
40%
15 Left Hand Path Entombed
40%
30 Trouble Trouble
38%
18 Vicious Rumors Vicious Rumors
38%
98 Damn Yankees Damn Yankees
36%
66 Act III Death Angel
36%
2 The Eye King Diamond
36%
62 Cause Of Death Obituary
36%
54 Lights...Camera...Revolution Suicidal Tendencies
36%
38 Facelift Alice In Chains
34%
70 Master Master
34%
63 Tales From The Twilight World Blind Guardian
33%
25 Impact Is Imminent Exodus
33%
75 Better Off Dead Sodom
31%
33 Harmony Corruption Napalm Death
29%
59 Heartbreak Station Cinderella
28%
74 Crazy World Scorpions
28%
12 Cracked Brain Destruction
26%
9 Reflections Of A Shadow Rage
26%
36 The American Way Sacred Reich
26%
93 Passion And Warfare Steve Vai
26%
61 Scumdogs Of The Universe Gwar
24%
97 Beg To Differ Prong
24%
87 Detonator Ratt
24%
57 Vanity/Nemesis Celtic Frost
22%
55 Slaughter In The Vatican Exhorder
22%
78 Heading For Tomorrow Gamma Ray
22%
56 In The Heart Of The Young Winger
22%
73 Twisted Into Form Forbidden
21%
10 Faceless World U.D.O.
19%
65 When The Storm Comes Down Flotsam And Jetsam
17%
67 Frizzle Fry Primus
17%
64 The Privilege Of Power Riot
17%
39 Into The Mirror Black Sanctuary
17%
72 Shotgun Justice Razor
16%
42 Kur-Nu-Gi-A Edge Of Sanity
14%
43 Faith, Hope, Love King's X
12%
35 The Key Nocturnus
12%
52 Loudest Love Soundgarden
12%
71 Against The Law Stryper
12%
29 The Meaning Of Life Tankard
12%
76 Oppressing The Masses Vio-Lence
12%
22 By Inheritance Artillery
10%
8 Dances Of Death (And Other Walking Shadows) Mekong Delta
10%
27 For God Your Soul... For Me Your Flesh Pungent Stench
10%
53 Last Decade Dead Century Warrior Soul
10%
88 Fallen Angel Of Doom Blasphemy
9%
79 Ultimo Mondo Cannibale Impetigo
9%
84 Programmed Lethal
9%
26 The Courts Of Chaos Manilla Road
9%
23 Suiciety Realm
9%
7 Grinning Like An Undertaker The Accused
9%
92 Violent By Nature Atrophy
7%
83 The Awakening Merciless
7%
94 Swallowed In Black Sadus
7%
91 Steps Sieges Even
7%
49 For Whose Advantage? Xentrix
7%
32 Nasty Reputation Axel Rudi Pell
5%
48 Subconcious Terror Benediction
5%
40 Dark Recollections Carnage
5%
80 Tower Of Spite Cerebral Fix
5%
5 Beyond The Unknown Incubus
5%
16 Time's Up Living Colour
5%
60 Final Holocaust Massacra
5%
34 The Eternal Fall Morgoth
5%
28 To The Gory End Cancer
3%
37 Tortured Existence Demolition Hammer
3%
100 The Edge Of Eternity Hexenhaus
3%
19 World Chaos Holy Moses
3%
3 The Torment Seventh Angel
3%
77 Emerging From The Netherworlds Thanatos
3%
96 Into Darkness Winter
3%
50 Neverending Destiny Agressor
2%
89 Reason Anacrusis
2%
41 Hallucinating Anxiety Cadaver
2%
82 Expositionsprophylaxe Disharmonic Orchestra
2%
11 Incantation (EP) Grotesque
2%
20 Syzygial Miscreancy Hellwitch
2%
17 Leviathan's Desire Protector
2%
No matching quizzes found
Score Distribution
Percent of People with Each Score
Percentile by Number Answered
Your Score History
You have not taken this quiz